|
|
|
|
| LEADER |
01272nam a2200289 a 4500 |
| 001 |
15015798 |
| 003 |
BD-DhAAL |
| 008 |
090526s2007 bg a bs 001 0 eng d |
| 010 |
|
|
|a 2007340558
|
| 020 |
|
|
|a 9840802208
|
| 040 |
|
|
|a DLC
|c DLC
|d DLC
|d BD-DhAAL
|
| 082 |
0 |
4 |
|a 332.1095492
|2 23
|
| 100 |
1 |
|
|a Amin, R.
|q (Ruhul),
|d 1938-
|
| 245 |
1 |
0 |
|a Grameen micro-credit to Grameen Kalyan Health Program for the poor, reasons for optimism /
|c Ruhul Amin.
|
| 260 |
|
|
|a Dhaka :
|b Academic Press and Publishers Library,
|c 2007.
|
| 300 |
|
|
|a x, 145 pages :
|b color illustrations ;
|c 22 cm
|
| 500 |
|
|
|a Includes statistical tables.
|
| 504 |
|
|
|a Includes bibliographical references (pages 126-137) and index.
|
| 541 |
1 |
|
|e 00016632
|
| 650 |
|
0 |
|a Microfinance
|x Government policy
|z Bangladesh.
|9 23860
|
| 650 |
|
0 |
|a Rural credit
|x Government policy
|z Bangladesh.
|9 59773
|
| 650 |
|
0 |
|a Rural health services
|x Government policy
|z Bangladesh.
|9 59774
|
| 650 |
|
0 |
|a Rural women
|x Health and hygiene
|x Government policy
|z Bangladesh.
|9 59775
|
| 852 |
4 |
|
|a Ayesha Abed Library
|c General Stacks
|
| 942 |
|
|
|2 ddc
|c BK
|
| 999 |
|
|
|c 1077
|d 1077
|
| 952 |
|
|
|0 0
|1 0
|2 ddc
|4 0
|6 332_109549200000000_AMI_2007
|7 0
|9 974
|a BRACUL
|b BRACUL
|c GEN
|d 2009-06-24
|g 298.00
|l 0
|o 332.1095492 AMI
|p 3010016632
|r 2009-06-24
|t 1
|v 596.00
|w 2009-06-24
|y BK
|